All Eurovision runner-ups (2nd place) - Statistics

General Stats
  • This quiz has been taken 25 times
  • The average score is 40 of 61
Answer Stats
Year Difference Runner-up Winner % Correct
1957 14 points France The Netherlands
90%
1968 1 point United Kingdom Spain
81%
2018 93 points Cyprus Israel
76%
1959 5 points United Kingdom The Netherlands
76%
1960 7 points United Kingdom France
76%
1961 7 points United Kingdom Luxembourg
76%
1970 6 points United Kingdom Ireland
76%
1972 14 points United Kingdom Luxembourg
76%
1977 15 points United Kingdom France
76%
1991 0 points France Sweden
71%
2009 169 points Iceland Norway
71%
1974 6 points Italy Sweden
71%
2005 38 points Malta Greece
71%
1994 60 points Poland Ireland
71%
2000 40 points Russia Denmark
71%
2012 113 points Russia Sweden
71%
2014 52 points The Netherlands Austria
71%
1964 32 points United Kingdom Italy
71%
1965 6 points United Kingdom Luxembourg
71%
1975 14 points United Kingdom The Netherlands
71%
1988 1 point United Kingdom Switzerland
71%
1992 16 points United Kingdom Ireland
71%
1998 6 points United Kingdom Israel
71%
2016 23 points Australia Ukraine
67%
1999 17 points Iceland Sweden
67%
2011 32 points Italy Azerbaijan
67%
2002 12 points Malta Latvia
67%
2006 44 points Russia Finland
67%
2015 62 points Russia Sweden
67%
2004 17 points Serbia and Montenegro Ukraine
67%
1958 3 points Switzerland France
67%
2007 33 points Ukraine Serbia
67%
1989 7 points United Kingdom Yugoslavia
67%
1993 23 points United Kingdom Ireland
67%
2003 2 points Belgium Turkey
62%
1976 17 points France United Kingdom
62%
1980 15 points Germany Ireland
62%
1997 70 points Ireland United Kingdom
62%
1982 61 points Israel Germany
62%
1983 6 points Israel Luxembourg
62%
1962 13 points Monaco France
62%
1979 9 points Spain Israel
62%
2010 76 points Turkey Germany
62%
2013 47 points Azerbaijan Denmark
57%
1978 32 points Belgium Israel
57%
2017 143 points Bulgaria Portugal
57%
2001 21 points Denmark Estonia
57%
1981 4 points Germany United Kingdom
57%
1987 31 points Germany Ireland
57%
1990 17 points Ireland, France Italy
57%
1996 48 points Norway Ireland
57%
1966 15 points Sweden Austria
57%
1963 2 points Switzerland Denmark
57%
2008 42 points Ukraine Russia
57%
1985 18 points Germany Norway
52%
1995 29 points Spain Norway
52%
1967 25 points Ireland United Kingdom
48%
1984 8 points Ireland Sweden
48%
1971 12 points Spain Monaco
48%
1973 4 points Spain Luxembourg
48%
1986 36 points Switzerland Belgium
48%
No matching quizzes found
Score Distribution
Percent of People with Each Score
Percentile by Number Answered
Your Score History
You have not taken this quiz